=LDR 00000nam 2200000 4500 =001 INLIS000000000052819 =990 ##$$a 21706128 =005 20230517071643 =990 ##$$a 21706130 =035 ##$$a 0010-0318000046 =990 ##$$a 21706129 =007 ta =990 ##$$a 21706127 =008 230517################g##########0#ind## =990 ##$$a 21706126 =020 ##$$a 978-979-007-634-1 =082 ##$$a 346.02 =084 ##$$a 346.02 KET h =100 1#$$a Ketut Oka Setiawan, I =245 1#$$a Hukum Perikatan /$c Prof.Dr.I Ketut Oka Setiawan, S,H., M.H.,SpN. =260 ##$$a Jakarta :$b Sinar Grafika Offset,$c 2016 =300 ##$$a ix,215 hlm. : $b ilus ; $c 21 x 15 cm. =650 #4$$a Hukum Perikatan =990 ##$$a 21706130 =990 ##$$a 21706128 =990 ##$$a 21706129 =990 ##$$a 21706127 =990 ##$$a 21706126